Top 100 des joueurs au classement MVP - Statistiques

Statistiques générales
  • Ce quiz a été pris 446 fois
    232 depuis la dernière actualisation
  • Le résultat moyen est 45 sur 100
Statistiques - réponses
Hint Réponse % Correct
10494 LeBron James
99%
7949.8 Michael Jordan
96%
3271 Stephen Curry
93%
5185 Kobe Bryant
89%
5214 Shaquille O'Neal
87%
2750 Nikola Jokic
86%
1330 Jerry West
85%
4210 Magic Johnson
85%
3925 James Harden
84%
523 Jermaine O'Neal
84%
1828 Russell Westbrook
84%
4212 Kareem Abdul-Jabbar
83%
3926 Kevin Durant
83%
4219 Larry Bird
82%
5238 Tim Duncan
81%
2274 Wilt Chamberlain
80%
3641 Giannis Antetokounmpo
77%
460 Tony Parker
77%
3083 Steve Nash
73%
2346.3 Hakeem Olajuwon
72%
4651 Karl Malone
72%
1812 Moses Malone
72%
1926 Allen Iverson
71%
1889 Bill Russell
71%
2260 Joel Embiid
70%
2296 Dirk Nowitzki
69%
967 Dwyane Wade
69%
751 Scottie Pippen
69%
3203 David Robinson
68%
3368 Kevin Garnett
68%
398 Luka Doncic
66%
1317 Kawhi Leonard
65%
2098 Chris Paul
63%
1197 Derrick Rose
59%
907.5 Julius Erving
56%
2249.3 Charles Barkley
54%
81 Isaiah Thomas
54%
246 Isiah Thomas
54%
389 Paul George
54%
549 Carmelo Anthony
53%
1159 Jason Kidd
53%
883 Bob Pettit
52%
1383 Patrick Ewing
52%
732 Anthony Davis
51%
155 John Stockton
51%
1141 Oscar Robertson
51%
363 Damian Lillard
48%
214 Bob Cousy
47%
1054 Tracy McGrady
43%
324 Jayson Tatum
41%
1522 Dwight Howard
38%
250 John Havlicek
38%
770 Elgin Baylor
36%
442 Blake Griffin
35%
730 Clyde Drexler
34%
677 Dominique Wilkins
33%
384 Anfernee Hardaway
31%
374 Tim Hardaway
31%
81 Ben Wallace
30%
126 Bill Walton
30%
216 Devin Booker
30%
957 Gary Payton
29%
357 Wes Unseld
29%
436 Elvin Hayes
27%
744 Willis Reed
27%
1392 Bob McAdoo
26%
468 Chauncey Billups
26%
358.5 George Gervin
26%
119.5 Gus Williams
25%
323 Joakim Noah
25%
201 Robert Parish
25%
476 Bernard King
23%
258 Kevin McHale
23%
127 Alex English
22%
1251 Dave Cowens
22%
614 Grant Hill
20%
518 Rick Barry
20%
84 Amar'e Stoudemire
19%
1151 Alonzo Mourning
18%
83 Bob Love
18%
83 Kevin Love
18%
724 Chris Webber
17%
98 Shawn Kemp
17%
144 Walt Frazier
17%
113 Adrian Dantley
15%
84 Chris Mullin
15%
273 Nate Thurmond
12%
252 Dolph Schayes
10%
219 Lenny Wilkens
10%
185 Billy Cunningham
9%
406 Tiny Archibald
9%
444 Bob Lanier
8%
285 Dave Bing
8%
282 Peja Stojakovic
8%
141 Glen Rice
7%
518 Sidney Moncrief
7%
101 Mark Price
6%
97 Spencer Haywood
2%
127 George Yardley
1%
158 Terry Cummings
1%
Aucun quiz correspondant
Distribution des résultats
% des personnes avec chaque résultat
Percentile par nombre de réponses
Votre historique - résultats
Vous n’avez pas pris ce quiz depuis la dernière actualisation